[Event "Vaujany 2021 Principal"]
[Site "Vaujany"]
[Date "2021.07.16"]
[Round "2.5"]
[White "Boyer, Mahel"]
[Black "Chauvet, Vincent"]
[Result "1/2-1/2"]
[WhiteElo "2412"]
[BlackElo "2124"]
[PlyCount "119"]
[EventDate "2021.07.15"]
[EventType "swiss"]
[EventRounds "9"]
[EventCountry "FRA"]
[SourceVersionDate "2021.07.15"]

{[%evp 0,119,37,29,27,20,24,22,49,23,88,34,64,25,47,16,43,14,36,27,34,32,42,22,
49,39,27,26,36,51,30,-4,16,10,30,-8,71,-12,-18,-2,-2,-165,-75,-188,-183,-183,
-183,-177,-177,-198,-187,-268,-281,-212,-192,-139,-137,-140,-71,-87,-94,-87,
-88,-83,-68,-65,-65,-68,-65,-65,-65,-73,-71,-77,-87,-114,-113,-116,-127,-112,
-130,-227,-217,-227,-146,-168,-130,-163,-108,-108,-20,-67,-3,-31,0,0,0,-1,-30,
-37,-19,-30,-2,-1,-1,-1,-1,-17,-14,-13,-12,-9,-2,-2,-2,-9,-10,-13,-14,-11,-7,
-6]} 1. d4 d5 2. Nf3 Nf6 3. Bf4 c5 4. e3 e6 5. Nbd2 Bd6 6. dxc5 Bxc5 7. c4 O-O
8. cxd5 Nxd5 9. Bg3 b6 10. a3 Bb7 11. Rc1 Bd6 12. Nc4 Bxg3 13. hxg3 f5 14. Nd4
Qe7 15. Be2 Nd7 16. O-O Rad8 17. Bf3 Ba8 18. e4 fxe4 19. Bxe4 Nc5 20. Bf3 Qf6
21. b4 Nxb4 22. axb4 Rxd4 23. Qe2 Bxf3 24. gxf3 Nd3 25. Rcd1 Nf4 26. Qc2 Rc8
27. Rxd4 Qxd4 28. Rd1 Nh3+ 29. Kg2 Qxf2+ 30. Qxf2 Nxf2 31. Nxb6 axb6 32. Kxf2
Rc4 33. Rd6 Rxb4 34. Rxe6 Kf7 35. Rc6 h5 36. Ke3 g5 37. Rh6 h4 38. gxh4 gxh4
39. f4 h3 40. Kf3 Kg7 41. Rd6 Rb3+ 42. Kf2 Rb2+ 43. Kg1 Rg2+ 44. Kh1 Rg6 45.
Rd3 Rh6 46. Kh2 Kf7 47. Rb3 Ke7 48. Rb1 Kd7 49. f5 Kc7 50. Rf1 Kd6 51. f6 Rh8
52. Rb1 Rb8 53. Kxh3 Ke6 54. Kg4 Kxf6 55. Kf4 Ke6 56. Ke4 Kd6 57. Kd4 Kc6 58.
Kc4 Rh8 59. Rg1 Rh4+ 60. Kb3 1/2-1/2

[Event "Vaujany 2021 Principal"]
[Site "Vaujany"]
[Date "2021.07.17"]
[Round "3.5"]
[White "Laurent-Paoli, Pierre"]
[Black "Pillard, Valentin"]
[Result "1-0"]
[WhiteElo "2407"]
[BlackElo "2110"]
[PlyCount "65"]
[EventDate "2021.07.15"]
[EventType "swiss"]
[EventRounds "9"]
[EventCountry "FRA"]
[SourceVersionDate "2021.07.15"]

1. d4 Nf6 2. c4 e6 3. Nf3 d5 4. Nc3 dxc4 5. e4 b5 6. e5 Nd5 7. Nxb5 Nb6 8. Be2
Be7 9. O-O Nc6 10. Qd2 Bb7 11. Qf4 Qd7 12. Be3 Nb4 13. Nc3 N4d5 14. Qg3 Nxc3
15. bxc3 f5 16. Nd2 Bd5 17. a4 a5 18. Rfb1 Nxa4 19. Bxc4 Bxc4 20. Qxg7 O-O-O
21. Nxc4 Rhg8 22. Qh6 Qd5 23. g3 Nxc3 24. Nxa5 Nxb1 25. Rxb1 Kd7 26. Nb7 Qe4
27. Rd1 Qxb7 28. d5 exd5 29. Qxh7 Rgf8 30. e6+ Kc8 31. Qxe7 Rfe8 32. Qf7 Qc6
33. Rc1 1-0

[Event "Vaujany 2021 Principal"]
[Site "Vaujany"]
[Date "2021.07.17"]
[Round "3.34"]
[White "Leccia, M."]
[Black "Olivier, JC."]
[Result "0-1"]
[WhiteElo "2009"]
[BlackElo "2321"]
[PlyCount "76"]
[EventDate "2021.07.15"]
[EventType "swiss"]
[EventRounds "9"]
[EventCountry "FRA"]
[SourceVersionDate "2021.07.15"]

{[%evp 0,76,28,25,29,19,14,29,73,55,50,66,74,67,65,52,53,55,45,22,33,15,49,45,
54,31,54,68,72,43,26,25,0,0,0,0,45,41,48,22,41,36,78,-36,-49,-37,37,41,26,14,
26,3,-4,1,-5,-50,-20,-69,-3,-32,-47,-78,-52,-84,-121,-121,-94,-103,-119,-121,
-116,-135,-124,-122,-123,-274,-266,-29997,-29998]} 1. d4 Nf6 2. Nc3 d5 3. Bf4
c6 4. e3 Bf5 5. f3 e6 6. g4 Bg6 7. h4 h6 8. h5 Bh7 9. Bd3 Bxd3 10. Qxd3 Nbd7
11. Nge2 Qe7 12. O-O-O Nb6 13. Kb1 Qb4 14. Nc1 Nc4 15. Nb3 a5 16. a3 Qb6 17.
Na4 Qd8 18. e4 b5 19. Nac5 a4 20. Nd2 Nd7 21. Be3 Nxc5 22. dxc5 Be7 23. Nxc4
bxc4 24. Qd4 Rb8 25. f4 Bf6 26. e5 Be7 27. g5 Rb5 28. g6 f5 29. Qc3 O-O 30. Bd4
Qc7 31. Ka2 Rfb8 32. Qe3 Qa5 33. Rb1 Bxc5 34. Bxc5 Rxc5 35. Qd4 Rcb5 36. c3 Rb3
37. Rh2 Qb5 38. Qa7 Rxa3+ 0-1

[Event "Vaujany 2021 Principal"]
[Site "Vaujany"]
[Date "2021.07.17"]
[Round "3.2"]
[White "Bailet, Pierre"]
[Black "Lamorelle, Julien"]
[Result "1/2-1/2"]
[WhiteElo "2520"]
[BlackElo "2300"]
[PlyCount "101"]
[EventDate "2021.07.15"]
[EventType "swiss"]
[EventRounds "9"]
[EventCountry "FRA"]
[SourceVersionDate "2021.07.15"]

{[%evp 0,101,28,30,30,30,26,17,15,13,52,39,45,11,11,12,14,14,16,16,11,11,15,15,
16,16,16,22,37,40,25,18,11,4,0,4,0,-14,-14,-10,-5,-29,-40,-30,-30,-23,-23,-22,
-10,-15,-13,-25,-25,-23,-14,-10,-14,0,0,0,0,-34,-26,-26,-23,-53,-23,-33,-36,
-34,-41,-31,-31,-4,0,0,0,-21,-23,-22,0,-28,-50,-33,-19,-19,-10,-12,-12,-29,0,0,
0,0,0,0,0,0,0,0,0,0,0,0]} 1. e4 e5 2. Nf3 Nc6 3. Bb5 Nf6 4. O-O Nxe4 5. d4 Nd6
6. Bg5 Be7 7. Bxe7 Qxe7 8. Bxc6 dxc6 9. dxe5 Nf5 10. Qd3 O-O 11. Nc3 Be6 12.
Qe4 Rad8 13. Rad1 Rxd1 14. Rxd1 Rd8 15. Rd3 Rxd3 16. Qxd3 Qd7 17. Qxd7 Bxd7 18.
h3 c5 19. Ne1 Nd4 20. g4 h5 21. f3 Nc6 22. Nd3 c4 23. Nc5 Nxe5 24. Nxd7 Nxd7
25. gxh5 Nf6 26. Kf2 Kh7 27. Nb5 Nd5 28. Nxa7 c3 29. bxc3 Nxc3 30. a3 Kh6 31.
Ke3 Kxh5 32. Kd4 Ne2+ 33. Ke3 Nc3 34. Kd3 Nd5 35. Nb5 Nf4+ 36. Ke4 Ne6 37. f4
Kh4 38. f5 Nc5+ 39. Kf4 Na6 40. Nc3 Kxh3 41. f6 gxf6 42. Kf5 Kg3 43. Kxf6 Kf4
44. Kxf7 Ke3 45. Ke7 Kd2 46. Nb5 Kxc2 47. Kd7 Kb3 48. Kc8 c6 49. Kxb7 cxb5 50.
Kxa6 Kxa3 51. Kxb5 1/2-1/2

[Event "Vaujany 2021 Principal"]
[Site "Vaujany"]
[Date "2021.07.17"]
[Round "3.8"]
[White "Eveno, Nathan"]
[Black "Boyer, Mahel"]
[Result "0-1"]
[WhiteElo "2047"]
[BlackElo "2412"]
[PlyCount "86"]
[EventDate "2021.07.15"]
[EventType "swiss"]
[EventRounds "9"]
[EventCountry "FRA"]
[SourceVersionDate "2021.07.15"]

{[%evp 0,86,26,26,41,25,42,18,68,68,48,11,15,21,41,31,43,26,11,-28,-22,-23,-34,
-14,10,6,7,-9,-18,-7,-9,-41,-31,-49,-35,-18,25,20,-6,7,16,-41,-46,-44,15,13,13,
-18,28,0,-11,-74,-57,-71,-66,-69,-64,-64,-74,-63,-134,-128,-52,-58,-21,-30,0,
-13,-43,-52,-45,-62,-52,-62,-114,-150,-128,-145,-153,-199,-201,-214,-184,-177,
-100,-560,-586,-584,-596]} 1. e4 e6 2. d4 d5 3. Nc3 Nf6 4. e5 Nfd7 5. f4 c5 6.
Nf3 Nc6 7. Be3 a6 8. Qd2 b5 9. dxc5 Bxc5 10. Bxc5 Nxc5 11. Qf2 Qb6 12. Bd3 b4
13. Ne2 a5 14. O-O O-O 15. Kh1 Ba6 16. f5 exf5 17. Bxf5 g6 18. Bd3 Nd7 19. Qxb6
Nxb6 20. Ned4 Nxd4 21. Nxd4 Nc4 22. Bxc4 dxc4 23. Rf6 Bb7 24. c3 Rfe8 25. e6
fxe6 26. Rxe6 Rxe6 27. Nxe6 Re8 28. Nd4 Re3 29. Rc1 Rd3 30. Kg1 a4 31. a3 Rd2
32. Rc2 Rd1+ 33. Kf2 Be4 34. Re2 Bd3 35. Re8+ Kf7 36. Ra8 b3 37. Rxa4 Rd2+ 38.
Kf3 Rxb2 39. Nc6 Rc2 40. Ne5+ Kf6 41. Nxc4 Rxc3 42. Ra6+ Kg5 43. Ra5+ Bf5+ 0-1

[Event "Vaujany 2021 Principal"]
[Site "Vaujany"]
[Date "2021.07.16"]
[Round "2.25"]
[White "Meyer, N."]
[Black "Flear, G."]
[Result "0-1"]
[WhiteElo "1947"]
[BlackElo "2433"]
[PlyCount "112"]
[EventDate "2021.07.15"]
[EventType "swiss"]
[EventRounds "9"]
[EventCountry "FRA"]
[SourceVersionDate "2021.07.15"]

{[%evp 0,112,35,30,25,6,6,0,6,-40,12,11,7,3,29,18,14,28,9,-1,25,21,21,23,16,16,
26,4,60,1,14,10,24,18,23,23,9,7,37,6,4,-22,19,-8,-2,0,0,-3,-7,-7,2,-77,-4,-16,
-1,-5,10,-2,16,-2,7,12,0,0,0,0,9,4,-1,-22,11,2,12,9,0,-16,-21,-31,-41,-49,0,
-74,0,0,-28,-15,-22,-24,-19,-81,-83,-93,0,-85,-86,-84,-102,-164,-27,-23,-21,
-142,-146,-162,-163,-216,-163,-171,-187,-353,-421,-593,-739,-863,-963]} 1. d4
d5 2. c4 e6 3. Nf3 Nf6 4. g3 c6 5. Bg2 Nbd7 6. Qc2 Bd6 7. O-O O-O 8. Nbd2 Re8
9. Rd1 Qe7 10. e4 Nxe4 11. Nxe4 dxe4 12. Qxe4 e5 13. Bg5 Qf8 14. dxe5 Nxe5 15.
Bf4 Nxf3+ 16. Qxf3 Bxf4 17. Qxf4 Be6 18. b3 a5 19. a3 Qe7 20. Bf3 h6 21. a4 Qb4
22. Rab1 Rad8 23. Rxd8 Rxd8 24. Kg2 Qc3 25. Rd1 Rxd1 26. Bxd1 Qd3 27. Qf3 Qd4
28. Be2 Kf8 29. Qh5 Qe4+ 30. Bf3 Qf5 31. Qh4 Qd3 32. Be2 Qd2 33. Qe4 Qc3 34.
Bd1 Ke7 35. Qh4+ Kd7 36. Qe4 g6 37. h4 h5 38. Qf4 Qd3 39. Bf3 Qxb3 40. Qd4+ Ke8
41. c5 Kf8 42. Qh8+ Ke7 43. Qb8 Qb4 44. Kh2 Qxc5 45. Qxb7+ Bd7 46. Qb2 Be6 47.
Qb7+ Kf8 48. Qxc6 Qxc6 49. Bxc6 Ke7 50. Bf3 Kd6 51. Be2 Bd7 52. Bc4 Be8 53. f3
Kc5 54. Be2 Bxa4 55. g4 Bb3 56. gxh5 gxh5 0-1

[Event "Vaujany 2021 Principal"]
[Site "Vaujany"]
[Date "2021.07.17"]
[Round "3.13"]
[White "Flear, Glenn"]
[Black "Delin, V."]
[Result "1-0"]
[WhiteElo "2433"]
[BlackElo "2049"]
[PlyCount "81"]
[EventDate "2021.07.15"]
[EventType "swiss"]
[EventRounds "9"]
[EventCountry "FRA"]
[SourceVersionDate "2021.07.15"]

{[%evp 0,81,35,25,25,0,54,32,69,78,72,72,72,69,44,24,27,12,13,3,42,42,6,-24,
-13,-13,-15,-15,-15,-35,-34,-28,-17,-17,-11,-24,-10,-18,-24,-33,-6,-9,-17,-33,
-8,-24,-1,-22,-20,-64,-6,-35,-11,-19,0,-47,-33,-17,0,0,40,47,63,40,9,20,93,114,
127,127,106,106,115,460,484,221,234,194,296,115,509,234,29997,29998]} 1. d4 Nf6
2. c4 g6 3. Nc3 d5 4. cxd5 Nxd5 5. e4 Nxc3 6. bxc3 Bg7 7. Qa4+ Nd7 8. Nf3 O-O
9. Bf4 e5 10. dxe5 Qe7 11. Qd4 c5 12. Qe3 Nxe5 13. Nxe5 Bxe5 14. Bc4 Be6 15.
Be2 Bg7 16. O-O Rfe8 17. Rfd1 Rad8 18. Bb5 Rf8 19. h3 a6 20. Be2 Rfe8 21. Bg5
f6 22. Bf4 Bf7 23. Bf3 Bc4 24. h4 h5 25. g3 b6 26. a3 Qe6 27. Bc7 Rxd1+ 28.
Rxd1 Bf8 29. Qf4 Rc8 30. Bd6 Bg7 31. g4 Bb3 32. Rd2 Rd8 33. gxh5 g5 34. hxg5
fxg5 35. Qg3 g4 36. Bxg4 Qxe4 37. Re2 Qb1+ 38. Kh2 Bd5 39. f3 Qf1 40. Re7 Rxd6
41. Be6+ 1-0

[Event "Vaujany 2021 Principal"]
[Site "Vaujany"]
[Date "2021.07.17"]
[Round "4.19"]
[White "Fantin, Ludwig"]
[Black "Bosc, Gabriel"]
[Result "1-0"]
[WhiteElo "2203"]
[BlackElo "2006"]
[PlyCount "35"]
[EventDate "2021.07.15"]
[EventType "swiss"]
[EventRounds "9"]
[EventCountry "FRA"]
[SourceVersionDate "2021.07.15"]

1. d4 Nf6 2. Bf4 c5 3. e3 Qb6 4. Nc3 Qxb2 5. Nb5 Nd5 6. a3 Nc3 7. Nc7+ Kd8 8.
Qc1 Qxc1+ 9. Rxc1 e5 10. Bxe5 d6 11. Nxa8 dxe5 12. dxe5 b6 13. Ne2 Nxe2 14.
Bxe2 Bb7 15. Rd1+ Nd7 16. Bb5 Bxa8 17. Rxd7+ Kc8 18. O-O 1-0

[Event "Vaujany 2021 Principal"]
[Site "Vaujany"]
[Date "2021.07.17"]
[Round "3.1"]
[White "Bauer, Christian"]
[Black "Philippe, Guillaume"]
[Result "1/2-1/2"]
[WhiteElo "2639"]
[BlackElo "2377"]
[Annotator "promoechecs"]
[PlyCount "76"]
[EventDate "2021.07.15"]
[EventType "swiss"]
[EventRounds "9"]
[EventCountry "FRA"]
[SourceVersionDate "2021.07.15"]

{[%evp 0,76,29,29,85,41,58,47,75,71,73,38,53,33,41,44,66,57,58,29,49,32,36,-6,
38,3,22,-8,-9,-19,-12,-31,-32,-24,58,58,57,48,51,51,44,-20,64,41,34,13,20,-17,
55,55,41,88,81,68,68,54,54,8,27,0,74,53,53,0,0,0,89,0,0,0,0,0,0,0,0,0,0,0,0]} 
1. Nf3 g6 2. d4 Bg7 3. e4 d6 4. Bc4 Nf6 5. Qe2 c6 6. Bb3 O-O 7. O-O d5 8. e5
Ne8 9. Rd1 Nc7 10. h3 b6 11. Nbd2 f5 12. Qe1 a5 13. c3 Ne6 14. Nf1 Na6 15. h4
Nac7 16. h5 Rf7 17. Bc2 c5 18. dxc5 bxc5 19. Nh4 Nf8 20. Nh2 Bb7 21. N2f3 Nce6
22. h6 Bh8 23. Bb3 Ra7 24. Bg5 a4 25. Bxd5 Bxd5 26. c4 Rd7 27. cxd5 Rxd5 28.
Qe2 Qd7 29. Re1 Rd3 30. Rac1 Qd5 31. Qc2 Nd7 32. Qxa4 Nxe5 33. Qe8+ Rf8 34.
Qxe7 Rf7 35. Qe8+ Rf8 36. Qe7 Rf7 37. Qe8+ Rf8 38. Qe7 Rf7 1/2-1/2

[Event "Vaujany 2021 Principal"]
[Site "Vaujany"]
[Date "2021.07.17"]
[Round "3.7"]
[White "Frederic, Clement"]
[Black "Degraeve, Jean Marc"]
[Result "1/2-1/2"]
[WhiteElo "2247"]
[BlackElo "2527"]
[Annotator "promoechecs"]
[PlyCount "83"]
[EventDate "2021.07.15"]
[EventType "swiss"]
[EventRounds "9"]
[EventCountry "FRA"]
[SourceVersionDate "2021.07.15"]

{[%evp 0,83,19,31,32,29,71,63,97,97,97,97,132,83,78,69,73,66,75,66,65,71,95,62,
45,60,61,61,55,51,65,56,61,57,72,61,82,71,68,65,58,53,53,41,41,48,37,32,47,63,
52,45,40,0,33,14,53,54,136,74,89,32,46,46,37,17,24,25,11,20,12,11,19,11,11,11,
27,13,12,0,54,47,73,73,89,72]} 1. e4 d5 2. exd5 Qxd5 3. Nc3 Qd8 4. d4 Nf6 5.
Nf3 Bg4 6. h3 Bxf3 7. Qxf3 c6 8. Be3 e6 9. Bd3 Nbd7 10. O-O Be7 11. Ne4 Nxe4
12. Qxe4 Nf6 13. Qf3 O-O 14. Rfd1 a5 15. c4 a4 16. Rac1 Qa5 17. Bd2 Qb6 18. Be3
Qa5 19. Bd2 Qh5 20. Qxh5 Nxh5 21. Be2 Nf6 22. Bf3 Rfd8 23. Be3 h5 24. Rc3 Rd7
25. Rcd3 Rad8 26. Kf1 g6 27. Bf4 c5 28. Ke2 g5 29. Bxg5 cxd4 30. Bxf6 Bxf6 31.
Bxh5 Rc7 32. b3 axb3 33. axb3 b5 34. cxb5 Rd5 35. Bf3 Re5+ 36. Kf1 Rxb5 37. Be4
Bg7 38. f4 f5 39. Bf3 Bf6 40. Be2 Ra5 41. R3d2 Kg7 42. Bc4 1/2-1/2

[Event "Vaujany 2021 Principal"]
[Site "Vaujany"]
[Date "2021.07.18"]
[Round "4.17"]
[White "Dumitrache, Dragos Nicolae"]
[Black "Leccia, Antoine"]
[Result "0-1"]
[WhiteElo "2367"]
[BlackElo "2009"]
[PlyCount "70"]
[EventDate "2021.07.15"]
[EventType "swiss"]
[EventRounds "9"]
[EventCountry "FRA"]
[SourceVersionDate "2021.07.15"]

{[%evp 0,70,28,12,28,0,24,32,46,14,53,53,62,47,49,22,32,21,9,-31,-25,-26,-8,
-16,-19,-12,-4,-10,-21,-7,-12,-28,-25,-59,-60,-62,-62,-64,-57,-73,-67,-59,-39,
-106,-77,-83,-60,-67,-60,-50,-60,-60,-60,-60,-53,-60,-36,-36,-32,-32,-37,-46,
-50,-59,-76,-97,-95,-180,-184,-169,-146,-287,-344]} 1. d4 d5 2. c4 dxc4 3. Nf3
Nf6 4. e3 e6 5. Bxc4 c5 6. O-O Nc6 7. Qe2 a6 8. Rd1 b5 9. Bd3 c4 10. Bc2 Nb4
11. Nc3 Nxc2 12. Qxc2 Bb7 13. a3 Be7 14. e4 Qc7 15. Bg5 O-O 16. e5 Nd5 17. Ne4
h6 18. Bxe7 Qxe7 19. Nd6 Nf4 20. Ne1 Bd5 21. f3 f6 22. Rd2 fxe5 23. dxe5 Qa7+
24. Kh1 Qe3 25. Qc3 Qxc3 26. bxc3 Ng6 27. Re2 Rad8 28. a4 Nxe5 29. Rxe5 Rxd6
30. axb5 axb5 31. Nc2 Ra8 32. Rb1 Ra2 33. Nd4 b4 34. cxb4 c3 35. Re2 Bc4 0-1

[Event "Vaujany 2021 Principal"]
[Site "Vaujany"]
[Date "2021.07.18"]
[Round "4.4"]
[White "Philippe, Guillaume"]
[Black "Bailet, Pierre"]
[Result "0-1"]
[WhiteElo "2377"]
[BlackElo "2520"]
[PlyCount "58"]
[EventDate "2021.07.15"]
[EventType "swiss"]
[EventRounds "9"]
[EventCountry "FRA"]
[SourceVersionDate "2021.07.15"]

{[%evp 0,58,30,30,37,26,26,-14,-7,-14,-28,-49,-31,-25,-36,-37,-37,-45,-24,-55,
-34,-51,-85,-80,-40,-90,-78,-78,-52,-52,49,-164,-174,-156,-157,-287,-164,-143,
-11,8,8,8,8,8,-13,-13,-10,-2,-21,-189,-202,-202,-224,-244,-244,-308,-314,-337,
-343,-360,-353]} 1. e4 e5 2. Nf3 Nc6 3. Be2 Nf6 4. d3 d5 5. Nbd2 Bc5 6. O-O O-O
7. c3 a5 8. b3 Bg4 9. a3 dxe4 10. dxe4 Bxf3 11. Bxf3 Qd3 12. Nc4 Rfd8 13. Qe1
b5 14. Ne3 Nxe4 15. Nf5 Bxf2+ 16. Rxf2 Nxf2 17. Ng3 Nh3+ 18. Kh1 e4 19. Bxe4
Qxc3 20. Be3 Qxe1+ 21. Rxe1 Ra6 22. gxh3 Nd4 23. Rc1 Re6 24. Rxc7 Ne2 25. Bg5
Nxg3+ 26. hxg3 f6 27. Bh6 gxh6 28. Bxh7+ Kf8 29. Kg2 Re7 0-1

[Event "Vaujany 2021 Principal"]
[Site "Vaujany"]
[Date "2021.07.16"]
[Round "2.4"]
[White "Trabet, Mathis"]
[Black "Di Nicolantonio, Lucas"]
[Result "0-1"]
[WhiteElo "2192"]
[BlackElo "2414"]
[PlyCount "76"]
[EventDate "2021.07.15"]
[EventType "swiss"]
[EventRounds "9"]
[EventCountry "FRA"]
[SourceVersionDate "2021.07.15"]

{[%evp 0,76,37,26,69,84,55,40,40,46,35,32,27,32,19,21,27,12,2,15,57,26,31,12,
67,69,54,48,116,20,35,12,10,21,20,24,56,-10,88,51,113,89,121,-30,0,-86,-105,
-100,-102,-248,-376,-328,-287,-319,-323,-323,-323,-485,-489,-489,-511,-530,
-530,-530,-530,-488,-520,-536,-542,-540,-540,-540,-447,-746,-839,-847,-855,
-860,-830]} 1. e4 c6 2. d4 d5 3. Nd2 dxe4 4. Nxe4 Nf6 5. Nxf6+ exf6 6. c3 Bd6
7. Bd3 O-O 8. Qc2 Re8+ 9. Ne2 h5 10. Be3 Nd7 11. Ng3 c5 12. O-O-O cxd4 13. Bxd4
Qa5 14. Kb1 Ne5 15. Bf5 Nc4 16. Rhe1 Rxe1 17. Rxe1 Qb5 18. Ka1 h4 19. a4 Qc6
20. Be4 Qa6 21. Nh5 Bg4 22. Bh7+ Kf8 23. Nxf6 gxf6 24. Qc1 Qxa4+ 25. Kb1 Be6
26. Qh6+ Ke8 27. Rxe6+ fxe6 28. Qxf6 Qd1+ 29. Ka2 Qa4+ 30. Kb1 Nd2+ 31. Kc1
Nb3+ 32. Kb1 Nxd4 33. cxd4 Qd1+ 34. Ka2 Qa4+ 35. Kb1 Kd7 36. Bf5 Qd1+ 37. Ka2
Qa4+ 38. Kb1 exf5 0-1

[Event "Vaujany 2021 Principal"]
[Site "Vaujany"]
[Date "2021.07.18"]
[Round "4.1"]
[White "Horvath, Jozsef"]
[Black "Laurent-Paoli, Pierre"]
[Result "1/2-1/2"]
[WhiteElo "2420"]
[BlackElo "2407"]
[PlyCount "65"]
[EventDate "2021.07.15"]
[EventType "swiss"]
[EventRounds "9"]
[EventCountry "FRA"]
[SourceVersionDate "2021.07.15"]

{[%evp 0,65,36,35,13,18,14,6,6,-22,12,23,12,-3,13,9,10,17,32,21,28,20,14,5,-12,
5,5,-2,-2,-9,8,-26,-27,-27,-17,-18,-67,-67,-42,-48,3,-11,4,-4,12,6,7,-23,0,0,0,
0,-9,0,12,9,18,-22,-24,-28,0,-22,0,-5,-1,0,0,0]} 1. Nf3 d5 2. e3 Nf6 3. c4 e6
4. b3 b6 5. Bb2 Bb7 6. d4 Nbd7 7. Nc3 Bd6 8. Bd3 O-O 9. O-O a6 10. Rc1 Qe7 11.
Na4 dxc4 12. bxc4 c5 13. Rb1 Rfd8 14. h3 Rab8 15. Qe2 cxd4 16. exd4 b5 17. Nc3
bxc4 18. Bxc4 Nb6 19. Bxa6 Ba8 20. Bc1 Nbd5 21. Nxd5 Bxd5 22. Rxb8 Rxb8 23. Bc4
Qc7 24. Bxd5 Nxd5 25. Bd2 Qa7 26. Qc4 Ra8 27. Ra1 Qa3 28. Qc2 h6 29. Bc1 Qa6
30. Bd2 Rc8 31. Qb3 Rb8 32. Qc2 Rc8 33. Qb3 1/2-1/2

[Event "Vaujany 2021 Principal"]
[Site "Vaujany"]
[Date "2021.07.17"]
[Round "3.4"]
[White "Di Nicolantonio, Lucas"]
[Black "Real, Thibault"]
[Result "1-0"]
[WhiteElo "2414"]
[BlackElo "2223"]
[Annotator "promoechecs"]
[PlyCount "65"]
[EventDate "2021.07.15"]
[EventType "swiss"]
[EventRounds "9"]
[EventCountry "FRA"]
[SourceVersionDate "2021.07.15"]

1. Nf3 Nf6 2. c4 c6 3. Nc3 d5 4. e3 a6 5. d4 Bf5 6. Qb3 Ra7 7. Be2 e6 8. O-O
Nbd7 9. Bd2 Bd6 10. Rfc1 O-O 11. Be1 Qb8 12. Qd1 b5 13. cxd5 cxd5 14. a3 Nb6
15. Na2 Nc4 $2 (15... Ra8 16. Nb4 Rc8 $11) 16. Nb4 Qb7 17. b3 Nxa3 18. Rxa3 a5
19. Rca1 Rfa8 20. Nd3 Bxa3 21. Rxa3 Bxd3 22. Bxd3 b4 23. Ra1 Rc8 24. h3 Qb6 25.
Ne5 Rac7 26. Bd2 h6 27. f3 g6 28. Ra2 Kg7 29. Qa1 Ra7 30. Bf1 Ne8 31. Nd3 Nd6
32. Bxb4 Rca8 33. Bc5 1-0

[Event "Vaujany 2021 Principal"]
[Site "Vaujany"]
[Date "2021.07.18"]
[Round "4.2"]
[White "Pourquet, Matthieu"]
[Black "Di Nicolantonio, Lucas"]
[Result "1-0"]
[WhiteElo "2205"]
[BlackElo "2414"]
[Annotator "promoechecs"]
[PlyCount "75"]
[EventDate "2021.07.15"]
[EventType "swiss"]
[EventRounds "9"]
[EventCountry "FRA"]
[SourceVersionDate "2021.07.15"]

1. Nf3 d5 2. c4 c6 3. g3 dxc4 4. Bg2 Nf6 5. O-O Nbd7 6. Qc2 Nb6 7. Na3 Be6 8.
Ng5 Bg4 9. Nxc4 Bxe2 10. Nxb6 axb6 11. Re1 Bh5 12. b4 Bg6 13. d3 h6 14. Bb2 Nd5
15. Ne4 e6 (15... Nxb4 16. Qb3 e6) 16. b5 c5 17. Qc4 Rc8 18. Nc3 Nxc3 19. Bxc3
Qd7 20. Re3 h5 21. Bh3 Rh6 22. f4 Kd8 23. Rae1 Bf5 24. Bg2 h4 25. a4 hxg3 26.
hxg3 Rh7 27. a5 bxa5 28. Bxa5+ Ke8 29. Bf3 Rh6 30. Bc3 Be7 31. R1e2 Kf8 (31...
g5 $1 32. g4 gxf4 33. Qxf4 Rg6) 32. g4 Bh7 33. f5 Bg5 34. Re5 exf5 35. Rxc5
Rxc5 36. Qxc5+ Be7 37. Rxe7 Qxe7 38. Qc8+ 1-0

[Event "Vaujany 2021 Principal"]
[Site "Vaujany"]
[Date "2021.07.18"]
[Round "4.5"]
[White "Boyer, Mahel"]
[Black "Droin, Augustin"]
[Result "1/2-1/2"]
[WhiteElo "2412"]
[BlackElo "2283"]
[PlyCount "84"]
[EventDate "2021.07.15"]
[EventType "swiss"]
[EventRounds "9"]
[EventCountry "FRA"]
[SourceVersionDate "2021.07.15"]

1. e4 c6 2. d4 d5 3. f3 Qb6 4. Nc3 e5 5. dxe5 Bc5 6. Na4 Qa5+ 7. c3 Bxg1 8.
Rxg1 Ne7 9. b4 Qc7 10. f4 Nd7 11. exd5 cxd5 12. Be3 O-O 13. Nc5 Nf5 14. Bf2
Nxc5 15. Bxc5 b6 16. Bd4 f6 17. Bb5 Bd7 18. Bxd7 Qxd7 19. g4 Nxd4 20. Qxd4 fxe5
21. fxe5 a5 22. Rg2 axb4 23. cxb4 Qe7 24. O-O-O Kh8 25. Kb1 Rac8 26. Rc1 Rxc1+
27. Kxc1 Qg5+ 28. Rd2 h5 29. e6 hxg4 30. Qxd5 Qe3 31. Kb2 Rc8 32. Rc2 Rf8 33.
Rd2 Rc8 34. a3 b5 35. Rc2 Rxc2+ 36. Kxc2 Qe2+ 37. Kc3 Qe1+ 38. Kd4 Qg1+ 39. Ke5
Qxh2+ 40. Ke4 Qh1+ 41. Kd4 Qg1+ 42. Ke5 Qh2+ 1/2-1/2

[Event "Vaujany 2021 Principal"]
[Site "Vaujany"]
[Date "2021.07.18"]
[Round "4.3"]
[White "Lamorelle, J."]
[Black "Bauer, C."]
[Result "0-1"]
[WhiteElo "2300"]
[BlackElo "2639"]
[PlyCount "91"]
[EventDate "2021.07.15"]
[EventType "swiss"]
[EventRounds "9"]
[EventCountry "FRA"]
[SourceVersionDate "2021.07.15"]

1. e4 Nf6 2. e5 Nd5 3. c4 Nb6 4. d4 d6 5. exd6 cxd6 6. Nc3 g6 7. Be3 Bg7 8. Rc1
O-O 9. b3 Bf5 10. Be2 e5 11. dxe5 dxe5 12. c5 N6d7 13. Nf3 Nc6 14. O-O Nf6 15.
Bc4 Qa5 16. Qe2 Rad8 17. Nb5 Ne4 18. Ng5 a6 19. Nxe4 axb5 20. Bd3 Nb4 21. Bb1
Nxa2 22. Rc2 Nb4 23. Rd2 Nd5 24. Nd6 Nc3 25. Qe1 Nxb1 26. Nxb7 Qxd2 27. Bxd2
Nxd2 28. Nxd8 Rxd8 29. Qd1 e4 30. c6 Rd3 31. Re1 Nxb3 32. Qc2 Bc3 33. Rb1 Nd4
34. Qa2 Nxc6 35. Qa8+ Nd8 36. g4 Bxg4 37. Qxe4 Bf5 38. Qe8+ Kg7 39. h4 Ne6 40.
Qe7 Bf6 41. Qb7 Rd4 42. Rxb5 Rg4+ 43. Kh2 Rxh4+ 44. Kg3 Rg4+ 45. Kh2 Be4 46.
Qb8 0-1

[Event "Vaujany 2021 Principal"]
[Site "Vaujany"]
[Date "2021.07.18"]
[Round "4.27"]
[White "Olivier, Jean Christophe"]
[Black "Brehaut, Carl"]
[Result "1-0"]
[WhiteElo "2320"]
[BlackElo "1913"]
[PlyCount "107"]
[EventDate "2021.07.15"]
[EventType "swiss"]
[EventRounds "9"]
[EventCountry "FRA"]
[SourceVersionDate "2021.07.15"]

1. e4 e5 2. Nf3 Nc6 3. Bb5 a6 4. Ba4 b5 5. Bb3 Nf6 6. d3 Be7 7. Nbd2 d6 8. c3
O-O 9. Nf1 Na5 10. Bc2 c5 11. Ng3 Re8 12. O-O Qc7 13. h3 Bd7 14. Nh2 d5 15. Ng4
d4 16. Nf5 Bxf5 17. exf5 c4 18. cxd4 exd4 19. dxc4 Qxc4 20. Bd3 Qc5 21. a4 b4
22. Bf4 Nd5 23. Rc1 Qb6 24. Bd2 h5 25. Ne5 Bd6 26. Nc4 Nxc4 27. Bxc4 Re5 28.
Qf3 Rd8 29. Rfe1 Nf6 30. g4 hxg4 31. hxg4 Rde8 32. Rxe5 Rxe5 33. Bd3 Rc5 34.
Qa8+ Bf8 35. Qxa6 Qxa6 36. Bxa6 Nxg4 37. Rxc5 Bxc5 38. Kg2 Ne5 39. Bb5 f6 40.
a5 Kf7 41. a6 g6 42. Bxb4 Ba7 43. f4 Ng4 44. fxg6+ Kxg6 45. Bd6 Kf7 46. b4 Ne3+
47. Kf3 Nc2 48. Bc5 Bb8 49. Bc4+ Ke8 50. b5 d3 51. Bxd3 Ne1+ 52. Ke4 Kd7 53. a7
Bxa7 54. Bxa7 1-0